书目信息 |
| 书名: | Broadcast Management | |
| 作者: | Ward L.Quaal. | |
| 分册号: | ||
| 分册名: | 出版地: | New York : |
|
| 出版社: | Hastiongs House Pub | |
| 出版时间: | 1981. | |
| 页数: | 464 p. ; | |
| 开本: | 26cm. | |
| 丛书名: | ||
| 中图分类号: | ||
| 科图分类号: | ||
| 其他分类号: | G229.712 | |
| 主题词: | ||
| 电子资源: | ||
| 000 | 00482nam 2200169 a 4500 | |
| 001 | E0234260293 | |
| 005 | 2002032309305961 | |
| 008 | 020323s1981 00010 eng | |
| 020 | @a0-8038-0764-3. | |
| 040 | @aPFT@beng | |
| 090 | @aG229.712 | |
| 099 | @dG229.712@eQ1 | |
| 245 | @aBroadcast Management :@bRadio Television / @cWard L.Quaal. | |
| 250 | @a2nd ed. | |
| 260 | @aNew York :@bHastiongs House Pub.,@c1981. | |
| 300 | @a464 p. ;@c26cm. | |
| 500 | @aIncludes bibliographical references | |
| Broadcast Management : : Radio Television / / Ward L.Quaal.-2nd ed.-New York : : Hastiongs House Pub., , 1981. |
| 464 p. ; ; 26cm. |
| Includes bibliographical references |
| ISBN 0-8038-0764-3. |
| ● |
| 相关链接 |
|
|
|
正题名:Broadcast Management
索取号:G229.712/Q1
 
预约/预借
| 序号 | 登录号 | 条形码 | 馆藏地/架位号 | 状态 | 备注 |
| 1 | 02277 | 300022776 | 社科库409/409社科库 119排1列5层/ [索取号:G229.712/Q1] | 在馆 | |
| 2 | 02452 | 300024523 | 社科库409/409社科库 119排1列5层/ [索取号:G229.712/Q1] | 在馆 |